• 首页
  • 本馆介绍
  • 公告通知
  • 最新文献
  • 馆藏检索
  • 电子资源
  • 读者导购
  • 参考咨询
  • 我的图书馆
  • 登录
  • 详细信息显示
  • 放入我的书架
  • 预约/预借图书
  • 作者相关作品
  • 分类相关作品
  • 丛书相关作品
  • 出版社相关作品

书目信息

  • 表格格式
  • 工作单格式
  • 卡片格式
书名: Business statistics
作者: Mario J. Picconi, Albert Romano, Charles L. Olson.
分册号:
分册名:
出版地: New York :
 
出版社: HarperCollins
出版时间: c1993.
页数: xix, 951 p. :
开本: 26 cm. +
丛书名:
中图分类号:
科图分类号:
其他分类号: F740.6
主题词:
电子资源:
000 01251pam a2200313 a 450
001 E0732480487
005 20070320165123.53
008 920428s1993 nyua 001 0 eng
010    @a92016383
020    @a0065001745.
035    @A(DLC) 92016383
040    @aDLC@cDLC@dDLC
050 00 @aHF1017@b.P43 1993
082 00 @a519.5@2 20
090    @aF740.6
099    @dF740.6@ex30
100 1  @aPicconi, Mario J.,@d1942-
245 10 @aBusiness statistics :@belements and applications / @cMario J. Picconi, Albert Romano, Charles L. Olson.
260    @aNew York :@bHarperCollins,@cc1993.
300    @axix, 951 p. :@bcol. ill. ;@c26 cm. +@e+ 2 computer disks (3 1/2 in.).
500    @aIncludes index.
500    @aSystem requirements for computer disks: IBM-PC, or compatible, or Macintosh, 1 disk for each; MINITAB or MYSTAT.
650  0 @aCommercial statistics.
650  0 @aSocial sciences@xStatistical methods.
700 1  @aOlson, Charles L.,@d1936-
700 1  @aRomano, Albert.
906    @a7@bcbc@corignew@d1@eocip@f19@gy-gencatlg
955    @apc03 to ba00 04-28-92; ba38 to SCD 04-30-92; fe10 04-30-92; fq21 05-06-92; CIP ver. sd08 02-08-93; vb11 02-18-93; sd13 03-01-93
991    @bc-GenColl@hHF1017@i.P43 1993@tCopy 1@wBOOKS
    
    Business statistics : : elements and applications / / Mario J. Picconi, Albert Romano, Charles L. Olson.-New York : : HarperCollins, , c1993.
    xix, 951 p. : : col. ill. ; ; 26 cm. + + + 2 computer disks (3 1/2 in.).
    Includes index.-System requirements for computer disks: IBM-PC, or compatible, or Macintosh, 1 disk for each; MINITAB or MYSTAT.
    
    ISBN 0065001745.
    
●
相关链接 在E读中查询图书 在五车中查询图书 在当当中查询图书 在豆瓣中查询图书


正题名:Business statistics     索取号:F740.6/x30         预约/预借

序号 登录号 条形码 馆藏地/架位号 状态 备注
1 0002174   300021740   第二样本阅览室/ [索取号:F740.6/x30] 在馆    
2 0003428   300034282   第四借阅区/ [索取号:F740.6/x30] 在馆    
唐山师范学院图书馆 欢迎您!
大连网信软件有限公司© 版权所有